000 00781nam0a22002531 4500
001 rc\2770619
005 20250806204339.0
035 _a(NLR Aleph) 006897001
090 _a26741
_c26741
100 _a20110915d1941 u y0rusy50 ca
101 0 _arus
102 _aRU
105 _aa z |||||
200 1 _aГрызуны - злейшие враги человека
210 _aМосква
_aЛенинград
_cМедгиз
_d1941
_eМосква
215 _a16 с.
_cил.
_d19 см.
700 1 _aШепелев
_bГ.Л.
_gГерман Леонидович
801 0 _aRU
_bNLR
_gpsbo
801 1 _aRU
_bELAR
_2rusmarc
852 _aNLR
_j70 Г-4/18
942 _cBOOK
945 _aРоссийская национальная библиотека
980 _aNB
980 _aBV